[Event "Sligo Chess and Culture Festival Masters 2026"]
[Site "Enniscrone IRL"]
[Date "2026.01.31"]
[Round "2.8"]
[White "Blijlevens, Pim"]
[Black "Ashworth, Michael"]
[Result "1/2-1/2"]
[WhiteElo "1942"]
[BlackElo "2019"]
[WhiteNationality "NED"]
[BlackNationality "ENG"]
[WhiteFideId "1022997"]
[BlackFideId "425044"]
[PlyCount "96"]
[FIDETournamentId "1241832"]
[Venue "Diamond Coast Hotel"]
[EventDate "2026.01.30"]

{ Event information: <a
href="https://www.irlchess.com/sligo-masters_allfiles/pairings_sligo-masters2026.html">Tournament
report</a>. }

1. d4 Nf6 2. Bg5 e6 3. c4 Bb4+ 4. Nd2 d5 5. e3 O-O 6. Nf3 Nbd7 7. a3 Be7 8.
Qc2 h6 9. Bh4 dxc4 10. Nxc4 c5 11. dxc5 Nxc5 12. b4 Ncd7 13. Rd1 Nd5 14.
Bxe7 Qxe7 15. e4 N5b6 16. Nd6 Qf6 17. Be2 Ne5 18. O-O Bd7 19. Nxe5 Qxe5 20.
f4 Qf6 21. e5 Qe7 22. Qc7 Nd5 23. Rxd5 exd5 24. Bg4 Rfd8 25. Qxb7 Kf8 26.
Bxd7 Qxd7 27. Qxd5 Qe6 28. Qxe6 fxe6 29. Kf2 Rd7 30. Rc1 Rad8 31. Ke3 g5
32. g3 gxf4+ 33. gxf4 Rg7 34. b5 Kg8 35. a4 Rg2 36. a5 Rb2 37. Rc7 Rb3+ 38.
Ke2 Rf8 39. Rxa7 Rxf4 40. Rc7 Rh4 41. Kd2 Rxh2+ 42. Kc1 Ra3 43. Kb1 Rb3+
44. Kc1 Ra3 45. Kb1 Rb3+ 46. Kc1 Ra3 47. Kb1 Rxa5 48. b6 Ra3 1/2-1/2

[Event "Sligo Chess and Culture Festival Masters 2026"]
[Site "Enniscrone IRL"]
[Date "2026.01.31"]
[Round "2.9"]
[White "White, Nicole"]
[Black "Woods, Christopher"]
[Result "1-0"]
[WhiteElo "1911"]
[BlackElo "1999"]
[WhiteICU "1931"]
[BlackICU "2007"]
[WhiteClub "Knights of Eanna"]
[BlackClub "Drumlish"]
[WhiteNationality "IRL"]
[BlackNationality "IRL"]
[WhiteFideId "2520362"]
[BlackFideId "2518201"]
[PlyCount "105"]
[FIDETournamentId "1241832"]
[Venue "Diamond Coast Hotel"]
[EventDate "2026.01.30"]

{ Event information: <a
href="https://www.irlchess.com/sligo-masters_allfiles/pairings_sligo-masters2026.html">Tournament
report</a>. }

1. c4 e5 2. g3 Nf6 3. Bg2 Bc5 4. Nc3 c6 5. d3 O-O 6. Nf3 d6 7. O-O Bb6 8.
a3 a5 9. Rb1 Re8 10. b4 axb4 11. axb4 Nbd7 12. b5 Qc7 13. bxc6 bxc6 14. Ne1
Rb8 15. Nc2 Nc5 16. Ba3 Bd7 17. Nb4 Ra8 18. Bc1 Ne6 19. e3 Reb8 20. Bd2 Qc8
21. Kh1 Ba5 22. Nba2 Nd8 23. f4 exf4 24. Rxf4 Ne6 25. Rf1 Nf8 26. d4 Bh3
27. e4 Bxg2+ 28. Kxg2 Qe6 29. d5 Qe8 30. Qc2 Ng6 31. Bf4 Rxb1 32. Qxb1 cxd5
33. exd5 Rc8 34. Qd3 Nxf4+ 35. Rxf4 Qe7 36. Nb5 Rb8 37. Rf3 Ng4 38. h3 Ne5
39. Qe2 Qd7 40. Rb3 Re8 41. Qc2 Rc8 42. Na3 Qa4 43. Nc3 Bxc3 44. Qxc3 h6
45. Rb4 Qd1 46. Qe3 Ra8 47. Rb2 Qa1 48. Rb3 Qa2+ 49. Kg1 Qa1+ 50. Kg2 Qd1
51. Rb2 g6 52. Qb3 Kh7 $4 (52... Qc1 $19) 53. Qxd1 1-0

[Event "Sligo Chess and Culture Festival Masters 2026"]
[Site "Enniscrone IRL"]
[Date "2026.01.31"]
[Round "3.11"]
[White "Comley, Jamie"]
[Black "Ashworth, Robert"]
[Result "1/2-1/2"]
[WhiteElo "1960"]
[BlackElo "1917"]
[WhiteICU "2037"]
[WhiteClub "Limerick"]
[WhiteNationality "IRL"]
[BlackNationality "ENG"]
[WhiteFideId "2524260"]
[BlackFideId "426563"]
[PlyCount "118"]
[FIDETournamentId "1241832"]
[Venue "Diamond Coast Hotel"]
[EventDate "2026.01.30"]

{ Event information: <a
href="https://www.irlchess.com/sligo-masters_allfiles/pairings_sligo-masters2026.html">Tournament
report</a>. }

1. e4 e5 2. Nf3 Nc6 3. Bb5 a6 4. Ba4 Nf6 5. d4 exd4 6. O-O b5 7. Bb3 d6 8.
Ng5 Ne5 9. f4 Nc4 10. e5 Ng4 11. Qxd4 d5 12. Bxc4 bxc4 13. Nc3 c6 14. f5
Nh6 15. f6 Nf5 16. Rxf5 Bxf5 17. Bd2 Rb8 18. Rf1 Bg6 19. Nxf7 $2 (19. Na4
$14) 19... Bxf7 20. e6 gxf6 21. exf7+ Kxf7 $17 22. Qg4 h5 23. Qf5 Bc5+ $2 (
23... Qd6 24. Re1 Qe6 $17) 24. Kh1 Bd4 25. Ne2 $16 Bxb2 26. Nf4 Qc8 $2 (
26... Qe8 $14) 27. Qg6+ Ke7 28. Re1+ $2 (28. c3 $18) 28... Be5 $10 29. Nxh5
$6 (29. Bc3 $10) 29... Qe6 30. Nf4 $2 (30. Ng7 $10) 30... Rxh2+ $2 (30...
Qf7 $19) 31. Kxh2 $2 (31. Kg1 $1 $10) 31... Rh8+ $19 32. Kg3 Rg8 33. Rxe5
fxe5 34. Nxe6 Rxg6+ 35. Ng5 Kf6 36. Kh4 d4 37. g4 c3 38. Ne4+ Ke6 39. Bc1
Kd5 40. Kh5 Re6 41. Ng3 e4 42. g5 d3 43. Nf1 d2 44. Nxd2 cxd2 45. Bxd2 e3
46. Be1 Ke5 47. g6 Kf6 48. Bc3+ Ke7 (48... Kf5 { is simpler. }) 49. Kh6 e2
50. Be1 Re3 51. Bh4+ Kf8 52. Kh7 Re7+ 53. Kh8 e1=Q 54. Bxe1 Rxe1 55. g7+
Ke7 56. g8=Q Rh1+ 57. Kg7 Rg1+ 58. Kh7 Rxg8 59. Kxg8 Kd6 ({ Draw agreed.
But Black is winning, e.g. ( } 59... Kd6 { ) } 60. Kf7 c5 $1 { (only move)
} 61. a4 a5 $1 { (only move) } 62. Ke8 c4 $1 { (only move) } 63. Kd8 c3 $1
{ (only move), etc. }) 1/2-1/2

[Event "Sligo Chess and Culture Festival Masters 2026"]
[Site "Enniscrone IRL"]
[Date "2026.02.01"]
[Round "4.6"]
[White "O'Gorman, Alice"]
[Black "MacElligott, Gerard"]
[Result "1-0"]
[BlackTitle "CM"]
[WhiteElo "1995"]
[BlackElo "1921"]
[WhiteICU "2036"]
[BlackICU "1920"]
[WhiteClub "Elm Mount"]
[BlackClub "Elm Mount"]
[WhiteNationality "IRL"]
[BlackNationality "IRL"]
[WhiteFideId "2508214"]
[BlackFideId "2500647"]
[PlyCount "71"]
[FIDETournamentId "1241832"]
[Venue "Diamond Coast Hotel"]
[EventDate "2026.01.30"]

{ Event information: <a
href="https://www.irlchess.com/sligo-masters_allfiles/pairings_sligo-masters2026.html">Tournament
report</a>. }

1. e4 c6 2. d4 d5 3. e5 c5 4. dxc5 e6 5. a3 Bxc5 6. Qg4 Ne7 7. b4 Bb6 8.
Nf3 O-O 9. Bd3 f5 10. exf6 Rxf6 11. Bg5 e5 12. Qg3 Rf7 13. Qxe5 Nbc6 14.
Qg3 Nd4 15. Bxh7+ Kxh7 16. Qh4+ Kg8 17. Nxd4 Bxd4 18. Qxd4 Nf5 19. Bxd8
Nxd4 20. O-O Bf5 21. Bg5 Nxc2 22. Ra2 d4 23. Nd2 Rc8 24. Rd1 Rd7 25. h3 Be6
26. Rb2 Nxa3 27. Nf3 Nb5 28. Re1 Bd5 29. Ne5 Rdc7 30. Ng6 Kf7 31. Ne5+ Kg8
32. Ng6 Kf7 33. Ne7 Re8 34. Rbe2 Bc4 $4 (34... Nc3 $14 { e.g. } 35. Re5 Be4
36. R1xe4 Nxe4 37. Rxe4 d3 38. Rd4 Rexe7 39. Bxe7 Kxe7) 35. Re4 $18 d3 36.
Rf4# 1-0

[Event "Sligo Chess and Culture Festival Masters 2026"]
[Site "Enniscrone IRL"]
[Date "2026.02.01"]
[Round "4.12"]
[White "Haque, Mustakim-Ul"]
[Black "Millward, Kevin P."]
[Result "1-0"]
[WhiteElo "1967"]
[BlackElo "1948"]
[WhiteICU "2025"]
[WhiteClub "Rathmines Juniors"]
[WhiteNationality "IRL"]
[BlackNationality "ENG"]
[WhiteFideId "2509334"]
[BlackFideId "404721"]
[PlyCount "77"]
[FIDETournamentId "1241832"]
[Venue "Diamond Coast Hotel"]
[EventDate "2026.01.30"]

{ Event information: <a
href="https://www.irlchess.com/sligo-masters_allfiles/pairings_sligo-masters2026.html">Tournament
report</a>. }

1. d4 d6 2. e4 Nf6 3. Nc3 e5 4. Nf3 Nbd7 5. g4 Nxg4 6. Rg1 Nb6 7. h3 exd4
8. Nxd4 Ne5 9. Qe2 Bd7 10. Bf4 Qe7 11. O-O-O O-O-O 12. Bg5 f6 13. Bh4 g5
14. Bg3 Ng6 15. Kb1 a6 16. Qd2 Ne5 17. Nd5 Nxd5 18. exd5 c5 19. dxc6 Nxc6
20. Qc3 Kb8 21. Nb5 axb5 22. Bxd6+ Qxd6 23. Rxd6 Bxd6 24. Qxf6 Be7 25. Qc3
b4 26. Qg3+ Ka8 27. Bd3 h5 28. Be4 g4 29. hxg4 hxg4 30. Qc7 Bc5 $19 31. a3
bxa3 32. bxa3 Be8 $6 (32... Rhe8 $19) 33. Rxg4 $17 Bd6 34. Qb6 Bd7 $2 (
34... Be5 $1 $17) 35. Rg5 $18 { Now White threatens 36. Rb5, with mate to
follow, and out of the blue Black has no defence. } 35... Rhg8 36. Rb5 Rg1+
37. Kb2 Bxa3+ 38. Kxa3 Ra1+ 39. Kb2 1-0

[Event "Sligo Chess and Culture Festival Masters 2026"]
[Site "Enniscrone IRL"]
[Date "2026.02.01"]
[Round "5.8"]
[White "MacElligott, Gerard"]
[Black "Haque, Mustakim-Ul"]
[Result "1/2-1/2"]
[WhiteTitle "CM"]
[WhiteElo "1921"]
[BlackElo "1967"]
[WhiteICU "1920"]
[BlackICU "2025"]
[WhiteClub "Elm Mount"]
[BlackClub "Rathmines Juniors"]
[WhiteNationality "IRL"]
[BlackNationality "IRL"]
[WhiteFideId "2500647"]
[BlackFideId "2509334"]
[PlyCount "59"]
[FIDETournamentId "1241832"]
[Venue "Diamond Coast Hotel"]
[EventDate "2026.01.30"]

{ Event information: <a
href="https://www.irlchess.com/sligo-masters_allfiles/pairings_sligo-masters2026.html">Tournament
report</a>. }

1. Nf3 Nf6 2. c4 e6 3. g3 d5 4. Bg2 c5 5. cxd5 exd5 6. d4 Nc6 7. O-O h6 8.
Nc3 Be7 9. dxc5 Bxc5 10. Na4 Be7 11. Be3 O-O 12. Rc1 Re8 13. Nd4 Bd7 14.
Nxc6 Bxc6 15. Nc5 Ne4 16. Nxe4 dxe4 17. Qxd8 Rexd8 18. Rfd1 Bf6 19. b3 Be5
20. f3 Bb2 21. Rb1 exf3 22. Bxf3 Bxf3 23. Rxd8+ Rxd8 24. Rxb2 Rd1+ 25. Kf2
Bc6 26. Bxa7 g5 27. h4 Kh7 28. hxg5 hxg5 29. Bb8 Kg6 30. Ke3 1/2-1/2

[Event "Sligo Chess and Culture Festival Masters 2026"]
[Site "Enniscrone IRL"]
[Date "2026.02.01"]
[Round "5.13"]
[White "Millward, Kevin P."]
[Black "Gallagher, Brian"]
[Result "1-0"]
[WhiteElo "1948"]
[BlackElo "1912"]
[BlackICU "1949"]
[BlackClub "Galway"]
[WhiteNationality "ENG"]
[BlackNationality "IRL"]
[WhiteFideId "404721"]
[BlackFideId "2512556"]
[PlyCount "142"]
[FIDETournamentId "1241832"]
[Venue "Diamond Coast Hotel"]
[EventDate "2026.01.30"]

{ Event information: <a
href="https://www.irlchess.com/sligo-masters_allfiles/pairings_sligo-masters2026.html">Tournament
report</a>. }

1. d4 Nf6 2. Bf4 d5 3. e3 c5 4. Nf3 Nc6 5. c3 Qb6 6. Qc2 g6 7. Nbd2 Bf5 8.
dxc5 Qxc5 9. Qb3 Na5 10. Qb5+ Qxb5 11. Bxb5+ Bd7 12. Be2 Nh5 13. Bc7 Nc6
14. h3 Nf6 15. Nb3 h5 16. Nc5 Bc8 17. Ne5 e6 18. Nb3 Bg7 19. O-O O-O 20.
Nd3 b6 21. a4 Ba6 22. Rfe1 Rfc8 23. Bh2 Bc4 24. Nd2 Na5 25. Nxc4 Nxc4 26.
Ra2 Bf8 27. Ne5 Bd6 28. Nxc4 Bxh2+ 29. Kxh2 dxc4 30. Rd1 a6 31. Rd6 Rab8
32. Bf3 Kf8 33. Ra1 Ke7 34. Rad1 b5 35. Rxa6 bxa4 36. Ra7+ Kf8 37. Rd2 Rd8
38. Rc2 Rd7 39. Rxa4 Rc7 40. Rd2 Nd7 41. g4 Ne5 42. Be2 hxg4 43. hxg4 Rcb7
44. Ra2 Rc8 45. f4 Nd7 46. Bf3 Rbc7 47. Rd4 Rb8 48. Be2 Nf6 49. Bf3 Rb5 50.
Kg3 Nd5 51. Bxd5 exd5 52. e4 dxe4 53. Rxe4 Rd5 54. Ra8+ Kg7 55. g5 f6 56.
gxf6+ Kxf6 57. Rf8+ Kg7 58. Rfe8 g5 59. R8e7+ Rxe7 60. Rxe7+ Kf6 61. Rb7
gxf4+ 62. Kxf4 Rd2 63. Rb6+ Ke7 64. Ke3 Rh2 $4 (64... Rd8 { or anywhere
else on the d-file is equal with best play. }) 65. Kd4 $18 Rh4+ 66. Kc5 Kd7
67. Rb7+ Kc8 68. Rb4 Rh2 69. Kxc4 Kc7 70. Kb3 Kc6 71. Rb8 Rh4 1-0